02856cam a2200397 i 4500001000800000003000400008005001700012007002300029008004100052020001800093035002700111035002100138035001800159035001700177040004200194041001300236050001000249082002300259100004700282240003100329245011800360300006500478520053100543520094501074521002002019521000902039650005702048650006902105650004802174650003302222651002602255655004902281655004202330700004302372700004302415S016166OSt20260317105100.0t 260210s2026 quca j 000 0 fre  a9782898770852 a(BTLF)NOT1761732621819 a(BAnQ)0008092291 a(SQTD)6137715 a(SDM)S016166 aQMBNbfreerdacQMBNdSQTDdSDMdSQTD1 afreheng 4aGN28104aSMI223/fre/2026011 aSmith, Nikkolas,d1985-eauteur81428596ad10aHistory of we.lFrançais10aAu début, c'était nous /ctexte et illustrations de Nikkolas Smith ; traduit de l'anglais par Benoit Laflamme a1 volume (non paginé) :billustrations en couleur ;c26 cm8 a''C'était comment, au tout début ?'' Ainsi commence la grande épopée de l'évolution humaine sur le continent africain. Depuis l'apparition des premiers êtres humains, il y a plusieurs centaines de milliers d'années, ils n'ont pas cessé de se développer. À travers l'art, la dance ou la musique, les inventions, la médecine et l'agriculture, l'espèce humaine s'est faite exploratrice, peuplant toute la Terre, créant des civilisations bien différentes, mais toutes issues du même endroit. [SQTD]1 aUn album documentaire au ton très poétique qui présente l'histoire de l'humanité, en se concentrant sur ses origines africaines. Ces premières civilisations sont ainsi montrées comme étant assez similaires aux sociétés actuelles grâce à des caractéristiques universelles, qui aident les jeunes à comprendre que tous les êtres humains ont les mêmes origines, et que les différences physiques sont bien mineures face à tout ce qui nous rassemble. Deux pages documentaires à l'écriture serrées viennent expliquer chaque page en exposant des découvertes archéologiques et une ligne du temps. La lecture de l'ouvrage pourrait nécessiter l'accompagnement d'un adulte auprès des plus jeunes afin de faire le lien entre l'histoire légèrement abstraite et les éléments factuels ainsi présentés. Le tout est magnifiquement illustré de peintures à l'acrylique aux teintes chaudes. [SQTD] aPour les jeunes aE+ 4 6aÊtres humainsxOriginesvOuvrages pour la jeunesse 6aÊtres humainsxÉvolutionzAfriquevOuvrages pour la jeunesse 7aÊtres humainsxÉvolution2vmj8435655ax 7aViexOrigines2vmj8434788ax 7aAfrique2vmj8434285a 7aLivres documentaires pour la jeunesse2rvmgf 7aOuvrages documentaires2vmj81329337a1 aLaflamme, Benoitetraducteur81298352a1 aSmith, Nikkolas,d1985-tHistory of we